[Event "1st 4NCL Spring Bank Holiday Congress"]
[Site "Basingstoke"]
[Date "2018.05.27"]
[Round "5"]
[Board "21"]
[White "Moore, Geoffrey R"]
[Black "Kramaley, David"]
[Result "1/2-1/2"]
[WhiteElo "2011"]
[BlackElo "1819"]
[PlyCount "108"]
[EventDate "2018.05.25"]
[EventRounds "7"]
[EventCountry "ENG"]

1. e4 d5 2. exd5 Qxd5 3. Nc3 Qd8 4. d4 Nf6 5. Nf3 Bg4 6. h3 Bxf3 7. Qxf3 c6 8.
Bf4 e6 9. O-O-O Bb4 10. Bg5 Bxc3 11. bxc3 Nbd7 12. Kb1 Qa5 13. Bc1 Nd5 14. Bb2
b5 15. c4 bxc4 16. Bxc4 N7b6 17. Bb3 Qa6 18. Qd3 Qb7 19. c4 Nf6 20. Ka1 O-O 21.
h4 Nbd7 22. h5 h6 23. Rdg1 Rfb8 24. g4 a5 25. Bc3 Nh7 26. Bc2 Ndf8 27. f4 f6
28. Qe4 Qe7 29. Rb1 Rc8 30. Rb6 Rab8 31. Rhb1 Rxb6 32. Rxb6 a4 33. Bb4 Qc7 34.
Bc5 f5 35. gxf5 Nd7 36. Qxe6+ Kh8 37. Rb1 Nxc5 38. dxc5 a3 39. Qe5 Nf6 40. Bd1
Qa5 41. Rb8 Rxb8 42. Qxb8+ Kh7 43. Qb3 Ne4 44. Bc2 Nf6 45. Bd1 Qd2 46. Qc2 Qd4+
47. Kb1 Ne4 48. Kc1 Qe3+ 49. Kb1 Nd2+ 50. Kc1 Nxc4+ 51. Kb1 Nd2+ 52. Kc1 Nf3+
53. Kb1 Nd2+ 54. Kc1 Nf3+ 1/2-1/2